Geometry Dash Triggers (As of 19/5/2024) - Statistics

General Stats
  • This quiz has been taken 35 times
  • The average score is 28 of 115
Answer Stats
Answer % Correct
Move
95%
Rotate
79%
Alpha
74%
Pulse
74%
Spawn
68%
Follow
58%
Toggle
58%
BG
53%
Count
53%
G
53%
Chromatic
47%
Pixelate
47%
Collision
42%
Colour
42%
Pickup
42%
Scale
42%
Shader
42%
Time
42%
Advanced Follow
37%
Animate
37%
Area Move
37%
Area Rotate
37%
Follow Player Y
37%
Glitch
37%
Instant Count
37%
MG
37%
Options
37%
SFX
37%
Song
37%
TimeWarp
37%
Area Scale
32%
Area Tint
32%
Stop
32%
Zoom (C)
32%
Bulge
26%
Edit Song
26%
End
26%
Instant Collision
26%
Keyframe
26%
Random
26%
Rotate (C)
26%
Sepia
26%
Shock Wave
26%
Start Position
26%
Area Fade
21%
Chromatic Glitch
21%
Edge (C)
21%
Edit Advanced Follow
21%
Edit Area Fade
21%
Edit Area Move
21%
Edit Area Rotate
21%
Edit Area Scale
21%
Edit Area Tint
21%
Edit SFX
21%
Event
21%
Gradient
21%
Gravity
21%
Hue
21%
Item Compare
21%
Item Edit
21%
Motion Blur
21%
On Death
21%
Re-Target Advanced Follow
21%
Shake
21%
Shock Line
21%
Area Stop
16%
BG Effect Off
16%
BG Effect On
16%
Enter Move
16%
Enter Scale
16%
Enter Tint
16%
Guide (C)
16%
Hide Icon
16%
Lens Circle
16%
Offset (C)
16%
Pause
16%
Player Control
16%
Resume
16%
Reverse
16%
Show Icon
16%
Static (C)
16%
UI
16%
Advanced Random
11%
BG Speed
11%
BPM
11%
Collision Block
11%
Disable Trail
11%
Enable Trail
11%
Enter Rotate
11%
Gameplay Offset (C)
11%
Item Persistant
11%
Link Visible
11%
Pinch
11%
Radial Blur
11%
Sequence
11%
Teleport
11%
Time Control
11%
Time Event
11%
Toggle On
11%
Enter Fade
5%
Enter Stop
5%
Greyscale
5%
ItemID
5%
MG Speed
5%
Mode (C)
5%
Rotate Gameplay
5%
Split Screen
5%
State Block
5%
Toggle Block
5%
Edit Colour
0%
Invert Colour
0%
Keyframe Frame
0%
MG 2
0%
Reset
0%
Spawn Particle
0%
No matching quizzes found
Score Distribution
Percent of People with Each Score
Percentile by Number Answered
Your Score History
You have not taken this quiz